[Event "Barcelona Sant Marti op-B 15th"]
[Site "Barcelona"]
[Date "2013.07.16"]
[Round "4"]
[White "Velasco Rebezon, Daniela"]
[Black "Roig Ruiz, Carles"]
[Result "0-1"]
[WhiteElo "1651"]
[BlackElo "1798"]
[PlyCount "112"]
[EventDate "2013.07.13"]
[EventType "swiss"]
[EventRounds "9"]
[EventCountry "ESP"]
[SourceTitle "CBM 155 Extra"]
[Source "ChessBase"]
[SourceDate "2013.08.26"]
[SourceVersion "1"]
[SourceVersionDate "2013.08.26"]
[SourceQuality "1"]

1. d4 g6 2. e3 Bg7 3. Nf3 d5 4. c4 c6 5. Nc3 e6 6. b3 f5 7. Bb2 Nf6 8. Ne5 Nbd7 9. Nxd7 Bxd7 10. f3 0-0 11. Bd3 Nh5 12. 0-0 f4 13. exf4 Bxd4+ 14. Kh1 Qh4 15. Qe1 Qxe1 16. Raxe1 Nxf4 17. Bc2 Rae8 18. Na4 Bxb2 19. Nxb2 e5 20. g3 Nh5 21. Bb1 Bf5 22. Bxf5 gxf5 23. Nd3 e4 24. fxe4 dxe4 25. Nf4 Nf6 26. h3 Rf7 27. Ne2 Ref8 28. Rxf5 Nd7 29. Rxf7 Rxf7 30. Nf4 Nf6 31. Kg2 Rd7 32. Re2 Kf7 33. g4 h6 34. Kg3 Rd1 35. h4 Rf1 36. Re3 Rg1+ 37. Ng2 Ke6 38. g5 hxg5 39. hxg5 Nh5+ 40. Kf2 Ra1 41. Rxe4+ Kf5 42. Re2 Kxg5 43. Re5+ Kh6 44. Re6+ Kg7 45. a4 Ra2+ 46. Kf3 Rxg2 47. Kxg2 Nf4+ 48. Kf3 Nxe6 49. Ke3 Kf6 50. b4 Ke5 51. Kd3 b6 52. Kc3 Ke4 53. a5 b5 54. c5 Nc7 55. Kc2 Kd4 56. Kb3 Kd3 0-1

[Event "Barcelona U2000 op"]
[Site "Barcelona"]
[Date "2013.06.24"]
[Round "7.8"]
[White "Velasco Rebezon, Daniela"]
[Black "Martinez Pla, Xavier"]
[Result "0-1"]
[WhiteElo "1651"]
[BlackElo "1873"]
[PlyCount "88"]
[EventDate "2013.06.22"]
[EventType "swiss"]
[EventRounds "7"]
[EventCountry "ESP"]
[SourceTitle "EXT 2024"]
[Source "ChessBase"]
[SourceDate "2023.10.10"]
[SourceVersion "1"]
[SourceVersionDate "2023.10.10"]
[SourceQuality "1"]

1. d4 Nf6 2. c4 e6 3. Nc3 Bb4 4. Bg5 h6 5. Bd2 0-0 6. a3 Bxc3 7. bxc3 b6 8. Nf3 Ba6 9. Qb3 Nc6 10. e3 Na5 11. Qb4 Ne4 12. Bd3 d5 13. Bxe4 dxe4 14. Ne5 Qg5 15. 0-0 f6 16. f4 Qh5 17. Nd7 Rfd8 18. Qe7 Qf7 19. Qxf7+ Kxf7 20. Nxf6 gxf6 21. f5 Nxc4 22. fxe6+ Kxe6 23. Bc1 f5 24. Ra2 c6 25. Rf4 Rg8 26. Raf2 Rg5 27. a4 Rf8 28. Rxe4+ fxe4 29. Rxf8 Rf5 30. Rxf5 Kxf5 31. Kf2 h5 32. Kg3 Kg5 33. Kf2 Bc8 34. Ke2 a5 35. Kd1 Be6 36. Ke1 h4 37. h3 Bf7 38. Kd1 Bh5+ 39. Ke1 Kf5 40. Bd2 Nxd2 41. Kxd2 b5 42. axb5 cxb5 43. Ke1 a4 44. Kd2 Be2 0-1

[Event "Barcelona U2000 op"]
[Site "Barcelona"]
[Date "2013.06.23"]
[Round "5.7"]
[White "Velasco Rebezon, Daniela"]
[Black "Nadal Fajardo, Ricard"]
[Result "1/2-1/2"]
[WhiteElo "1651"]
[BlackElo "1932"]
[PlyCount "51"]
[EventDate "2013.06.22"]
[EventType "swiss"]
[EventRounds "7"]
[EventCountry "ESP"]
[SourceTitle "EXT 2024"]
[Source "ChessBase"]
[SourceDate "2023.10.10"]
[SourceVersion "1"]
[SourceVersionDate "2023.10.10"]
[SourceQuality "1"]

1. d4 Nf6 2. e3 c5 3. c3 e6 4. Bd3 d5 5. Nd2 Nbd7 6. f4 Be7 7. Ngf3 b6 8. 0-0 Bb7 9. Ne5 0-0 10. Rf3 Ne4 11. Rh3 f5 12. Nxe4 dxe4 13. Nxd7 Qxd7 14. Bc4 g6 15. Bd2 b5 16. Bb3 c4 17. Bc2 a5 18. b3 a4 19. bxc4 bxc4 20. a3 Bd5 21. g4 Rfb8 22. Bc1 Bd6 23. g5 Rb6 24. Kf2 Qa7 25. Rg3 Rb7 26. Kg2 1/2-1/2

[Event "Foment Martinenc op-B 15th"]
[Site "Barcelona"]
[Date "2013.05.04"]
[Round "3"]
[White "Roca Llorca, Josep"]
[Black "Velasco Rebezon, Daniela"]
[Result "1/2-1/2"]
[WhiteElo "1717"]
[BlackElo "1662"]
[PlyCount "35"]
[EventDate "2013.04.20"]
[EventType "swiss"]
[EventRounds "9"]
[EventCountry "ESP"]
[SourceTitle "CBM 154 Extra"]
[Source "ChessBase"]
[SourceDate "2013.06.25"]
[SourceVersion "2"]
[SourceVersionDate "2013.06.25"]
[SourceQuality "1"]

1. d4 Nf6 2. Nf3 b6 3. g3 Bb7 4. Bg2 e6 5. 0-0 c5 6. b3 Ne4 7. Bb2 d5 8. Nbd2 Nc6 9. c4 Nxd2 10. Qxd2 dxc4 11. bxc4 cxd4 12. Nxd4 Nxd4 13. Qxd4 Qxd4 14. Bxd4 Bxg2 15. Kxg2 f6 16. a4 Rd8 17. Be3 Bc5 18. Bxc5 1/2-1/2

[Event "ESP-ch U14"]
[Site "Salobrena"]
[Date "2012.07.09"]
[Round "1"]
[White "Santos Ruiz, Miguel"]
[Black "Velasco Rebezon, Daniela"]
[Result "1/2-1/2"]
[WhiteElo "2106"]
[BlackElo "1604"]
[PlyCount "106"]
[EventDate "2012.07.09"]
[EventType "swiss"]
[EventRounds "9"]
[EventCountry "ESP"]
[SourceTitle "EXT 2014"]
[Source "ChessBase"]
[SourceDate "2013.11.20"]
[SourceVersion "1"]
[SourceVersionDate "2013.11.20"]
[SourceQuality "1"]

1. e4 e6 2. d4 d5 3. Nd2 Nf6 4. Bd3 c5 5. c3 Qb6 6. Ngf3 Nc6 7. 0-0 cxd4 8. cxd4 Nxd4 9. Nxd4 Qxd4 10. Nf3 Qb6 11. Be3 Bc5 12. Bxc5 Qxc5 13. e5 Nd7 14. Rc1 Qe7 15. Qc2 Nb6 16. Nd4 a6 17. f4 Qb4 18. Ne2 Bd7 19. a3 Qa4 20. Qc7 Bb5 21. Bxb5+ Qxb5 22. Nc3 Qc6 23. Nxd5 Qxd5 24. Qxb6 0-0 25. Rc7 Rab8 26. Rfc1 Rfd8 27. Qb4 h6 28. g3 Rd7 29. Rxd7 Qxd7 30. Qd6 Rd8 31. Qxd7 Rxd7 32. Rc2 Kf8 33. Kf2 Ke7 34. Ke3 g6 35. a4 Ke8 36. Rc8+ Rd8 37. Rxd8+ Kxd8 38. a5 Kc7 39. Kd4 b6 40. b4 Kb7 41. Kc3 Kc7 42. Kb3 Kb7 43. axb6 h5 44. Ka4 Kxb6 45. h3 Ka7 46. Ka5 Kb7 47. b5 axb5 48. Kxb5 Kc7 49. Kc5 Kd7 50. Kb6 Kd8 51. Kc6 Kc8 52. g4 hxg4 53. hxg4 Kd8 1/2-1/2

[Event "Llinars del Valles op-B 6th"]
[Site "Llinars del Valles"]
[Date "2012.05.12"]
[Round "5"]
[White "Velasco Rebezon, Daniela"]
[Black "Orio Ferrer, Jose Ignacio"]
[Result "1-0"]
[WhiteElo "1552"]
[BlackElo "1740"]
[PlyCount "45"]
[EventDate "2012.04.14"]
[EventType "swiss"]
[EventRounds "9"]
[EventCountry "ESP"]
[SourceTitle "EXT 2013"]
[Source "ChessBase"]
[SourceDate "2012.11.22"]
[SourceVersion "1"]
[SourceVersionDate "2012.11.22"]
[SourceQuality "1"]

1. d4 Nf6 2. e3 g6 3. Bd3 Bg7 4. c4 0-0 5. Nc3 d6 6. Nge2 Nbd7 7. Bd2 Re8 8. 0-0 c5 9. Rc1 b6 10. a3 Bb7 11. b4 e5 12. d5 e4 13. Bb1 a5 14. bxa5 bxa5 15. Nb5 Ne5 16. Ng3 Bc8 17. Bxe4 Bg4 18. f3 Nxe4 19. Nxe4 Bf5 20. Nexd6 Bd3 21. Nxe8 Nxc4 22. Nxg7 Kxg7 23. Bc3+ 1-0

[Event "Cerdanyola del Valles op-B 29th"]
[Site "Cerdanyola del Valles"]
[Date "2011.10.08"]
[Round "2"]
[White "Velasco Rebezon, Daniela"]
[Black "Gomez Domenech, David"]
[Result "0-1"]
[WhiteElo "1466"]
[BlackElo "1762"]
[PlyCount "84"]
[EventDate "2011.10.01"]
[EventType "swiss"]
[EventRounds "8"]
[EventCountry "ESP"]
[SourceTitle "EXT 2013"]
[Source "ChessBase"]
[SourceDate "2012.11.22"]
[SourceVersion "1"]
[SourceVersionDate "2012.11.22"]
[SourceQuality "1"]

1. d4 Nf6 2. e3 c5 3. Nf3 g6 4. c4 Bg7 5. Nc3 0-0 6. Bd3 d6 7. 0-0 Bg4 8. h3 Bxf3 9. Qxf3 Nc6 10. Rd1 cxd4 11. exd4 Qc8 12. Be3 Nb4 13. Be2 Nc2 14. Rac1 Nxe3 15. Qxe3 Qd7 16. Bd3 e6 17. Re1 d5 18. b3 dxc4 19. bxc4 Rfd8 20. Ne2 Ne8 21. Be4 Nd6 22. Bd3 Nf5 23. Bxf5 exf5 24. Rcd1 Re8 25. Qb3 Re7 26. d5 Rae8 27. Rd2 Qd6 28. Qd3 b6 29. Rb1 Be5 30. g3 Qc5 31. Rb5 Qd6 32. Nd4 Bxd4 33. Qxd4 Re4 34. Qc3 Rc8 35. Rb4 a6 36. Rd3 b5 37. Re3 Rxe3 38. Qxe3 bxc4 39. Rb6 Qxd5 40. Qe7 c3 41. Rb7 c2 42. Rc7 c1Q+ 0-1

[Event "Llinars del Valles op-B 5th"]
[Site "Llinars del Valles"]
[Date "2011.06.04"]
[Round "7"]
[White "Farell Duran, Josep"]
[Black "Velasco Rebezon, Daniela"]
[Result "1/2-1/2"]
[WhiteElo "1565"]
[BlackElo "1361"]
[PlyCount "80"]
[EventDate "2011.04.30"]
[EventType "swiss"]
[EventRounds "7"]
[EventCountry "ESP"]
[SourceTitle "EXT 2012"]
[Source "ChessBase"]
[SourceDate "2011.11.24"]
[SourceVersion "1"]
[SourceVersionDate "2011.11.24"]
[SourceQuality "1"]

1. Nf3 d5 2. e3 c5 3. b3 Nc6 4. Bb2 Bg4 5. Be2 Nf6 6. 0-0 Qc7 7. d4 e6 8. a3 cxd4 9. Nxd4 Bxe2 10. Qxe2 Nxd4 11. Bxd4 Be7 12. Qd3 0-0 13. h3 e5 14. Bb2 Rac8 15. c3 Bc5 16. Nd2 e4 17. Qe2 Bd6 18. c4 Be5 19. Rab1 Bxb2 20. Rxb2 Qe5 21. Rc2 d4 22. exd4 Qxd4 23. Re1 Rfe8 24. Qe3 Qxe3 25. Rxe3 b5 26. c5 Kf8 27. Kf1 Re5 28. b4 Ke7 29. f3 Kd7 30. Nxe4 Nxe4 31. Rxe4 Rxe4 32. fxe4 Ke6 33. Ke2 Rd8 34. Ke3 Ke5 35. Rc3 Rd4 36. c6 Rd8 37. Rc5+ Kd6 38. e5+ Kc7 39. Ke4 Rd2 40. g3 Re2+ 1/2-1/2